Esfera /

Revista bimestral encargada de publicar obras principalmente de literatura sin importar la nacionalidad del autor, los cuales pueden ser reconocidos a nivel internacional o participantes de algún taller literario. Incluye también piezas musicales por compositores mexicanos y breves artículos de crít...

Deskribapen osoa

Gorde:
Xehetasun bibliografikoak
Beste egile batzuk: Flores, Ernesto (dirección) (dirección), Goeritz, Mathias (ilustración) (ilustración)
Formatua: Liburua
Hizkuntza:gaztelania
Gaiak:
Etiketak: Etiketa erantsi
Etiketarik gabe, Izan zaitez lehena erregistro honi etiketa jartzen!

MARC

LEADER 00000nam^a2200000^a^4500
001 000115179
005 20250521000000.0
009 20260310094046.33
037 |a Acervo ITESO - Biblioteca 
041 |a ESP 
082 |a 805.  |b ESF V. 3 
240 1 1 |a [Esfera] 
245 1 0 |a Esfera /  |c Dir. de E. Flores ; il. de M. Goeritz. 
264 |a Guadalajara, México :  |b Universidad de Guadalajara,  |c 1970 
300 |a 36 p. 
336 |a texto  |b txt  |2 rdacontenido 
337 |a sin mediación  |b n  |2 rdamedio 
338 |a volumen  |b nc  |2 rdasoporte 
520 |a Revista bimestral encargada de publicar obras principalmente de literatura sin importar la nacionalidad del autor, los cuales pueden ser reconocidos a nivel internacional o participantes de algún taller literario. Incluye también piezas musicales por compositores mexicanos y breves artículos de crítica literaria. 
649 |a XX 
650 |a Literatura -  |x Publicaciones Periódicas Jaliscienses 
650 |a Literatura -  |x Publicaciones Periódicas Mexicanas 
650 |a Cuentos 
650 |a Poesía 
650 |a Literatura -  |y Siglo XX 
650 |a Literatura -  |x Historia y Crítica 
650 |a Música Mexicana -  |y Siglo XX 
650 |a Publicaciones Periódicas Jaliscienses 
650 |a Publicaciones Periódicas Mexicanas 
650 |a Singer, Isaac Bashevis 
650 |a Arellano, Jesús 
650 |a Rubín, Ramón 
650 |a Velázquez, Higinio 
650 |a Cervera, Juan 
650 |a Estrada, Jaime 
700 |a Flores, Ernesto  |e (dirección) 
700 |a Goeritz, Mathias  |e (ilustración) 
910 |a Fondo Salvador Reynoso Reynoso 
920 |a Impresos - Libros 
930 |a Fondos Especiales 
940 |a Literatura 
905 |a 112 
901 |a 0800003553  |b IT2  |c ESP  |u 20250521 
902 |a https://opac.biblio.iteso.mx/vufind/Record/000115179